=LDR 00000nam 2200000 4500 =001 INLIS000000000011028 =005 20130612102632 =008 ***********************************Ind** =035 ##$$0010-061300000011028 =041 ##$$a Ind =082 ##$$a 658.81 =090 ##$$a 658.81, Bte-m =100 ##$$a Bettger, Frank =245 ##$$a meritas Belenggu kegagalan dan meraih sukses dalam penjualan, Frank Bettger : alih bahasa A Sandiwan Suharto =260 ##$$a 1988 $b Jakarta =300 ##$$a xiii, 230 hlm, 21 cm =700 ##$$a Suharto, A Sandiwan =850 ##$$a NBPNMAT